Imperial Star Ships (Star Wars) - Statistics

General Stats
  • This quiz has been taken 90 times
  • The average score is 8 of 16
Answer Stats
Picture Answer % Correct
Death Star
100%
Star Destroyer
93%
TIE Fighter
93%
TIE Bomber
86%
TIE Interceptor
78%
TIE Defender
71%
Executor
64%
Interdictor
39%
Arquitens
25%
Gladiator
24%
Quasar
19%
Bellator
15%
Victory 1
14%
Vindicator
14%
2nd Death Star
12%
Imperial Venator
12%
No matching quizzes found
Score Distribution
Percent of People with Each Score
Percentile by Number Answered
Your Score History
You have not taken this quiz